10 Closest Capitals to Brazil Quiz Stats

Quiz Updated Dec 3, 2015

Challenge
Share
Tweet
Embed
Score 0/10 Timer 02:00
0 Plays Today
Capital % Correct
Buenos Aires
92.3%
Lima
88.5%
Santiago
86.9%
Montevideo
83.9%
La Paz
81.1%
Asunción
72.1%
Georgetown
63.2%
Paramaribo
53%
Port of Spain
33.1%
St. George's
21.5%

You're not logged in!

Compare scores with friends on all Sporcle quizzes.
Sign Up with Email
OR
Log In

You Might Also Like...

Show Comments

Extras

Top Quizzes Today


Score Distribution

Your Account Isn't Verified!

In order to create a playlist on Sporcle, you need to verify the email address you used during registration. Go to your Sporcle Settings to finish the process.